ARRUPE JESUIT UNIVERSITY

CORONAVIRUS -STOP THE SPREAD - CLEAN,DISINFECT,COVER
Normal view MARC view

Entry Personal Name

Number of records used in: 1

001 - CONTROL NUMBER

  • control field: 38802

003 - CONTROL NUMBER IDENTIFIER

  • control field: ARRUPE

005 - DATE AND TIME OF LATEST TRANSACTION

  • control field: 20180124082706.0

008 - FIXED-LENGTH DATA ELEMENTS

  • fixed length control field: 180124|| aca||aabn | a|a d

040 ## - CATALOGING SOURCE

  • Original cataloging agency: ARRUPE
  • Transcribing agency: ARRUPE

100 ## - HEADING--PERSONAL NAME

  • Personal name: Doneux, J. L.
  • Fuller form of name: (Jean L.)
  • Relator term: joint author.

670 ## - SOURCE DATA FOUND

  • Source citation: Work cat.: (ARRUPE)0: Thomas, Louis-Vincent, 1922- 38364, Les Religions d'Afrique noire,, 1969.

 

Arrupe Library. PO Box MP320 Mt Pleasant, Harare, Zimbabwe
263 242 745411|librarian@aju.ac.zw